Countries with the Most Oil Reserves per Capita - Statistics

General Stats
  • This quiz has been taken 193 times
  • The average score is 12 of 20
Answer Stats
Barrels per Capita Country % Correct
8,342 Saudi Arabia
96%
24,017 Kuwait
88%
10,092 Qatar
88%
3,749 Iraq
87%
554 Russia
87%
11,011 United Arab Emirates
87%
1,980 Iran
86%
4,713 Canada
84%
1,201 Oman
84%
9,668 Venezuela
81%
1,091 Norway
73%
1,686 Kazakhstan
51%
7,392 Libya
49%
717 Azerbaijan
43%
2,604 Brunei
38%
878 Equatorial Guinea
31%
534 Ecuador
27%
1,043 Gabon
25%
329 Rep. of the Congo
19%
517 Trinidad and Tobago
16%
No matching quizzes found
Score Distribution
Percent of People with Each Score
Percentile by Number Answered
Your Score History
You have not taken this quiz